000 01077nam0a22002651 4500
001 v19\rc\1792734
005 20260407004157.0
035 _a(NLR Aleph) 004883887
090 _a5198995
_c5198995
100 _a20061204d1905 |||y0rusy50 ca
101 0 _arus
102 _aRU
105 _ay z |||||
200 1 _aАкт о приеме денежных сумм, книг, дел и имущества Новоладожского уездного земства, составленный председателем Управы С.В. Илимовым при вступлении в должность
210 _aСанкт-Петербург
_d1905
215 _a24 с.
_d22
309 _aБез тит. л. и обл.
702 1 _aИлимов
_bС.В.
_gСергей Васильевич
_4220
710 0 2 _aНоволадожская уезд. земская управа
_3RU\NLR\AUTH\889994986
_9486841
801 0 _aRU
_bNLR
_gpsbo
801 0 _aRU
_bRuMoRGB
_2psbo
801 1 _aRU
_bProSoft-M
_2rusmarc
852 _aNLR
_bЗем
_j35-4/5
942 _cBOOK
980 _aNB